00389nam a2200157Ia 4500008004100000020001800041041000800059082001300067100002000080260003400100245003600134245002300170250000600193650001300199650001900212220805s9999 xx 000 0 und d a2-908864-10-X aeng a391.0951 aRiboud, Krishna aParisbA.E.D.T.A. Parisc1999 aChinese costume and accessories b17th -20th century a1 aClothing aTextile fabric